Sowy Polski po zdjęciach - Statystyki

Ogólne statystyki
  • Ten quiz został rozwiązany 33 razy
  • Średni wynik to 8 z 13
Statystyki odpowiedzi
Obrazkowy Odpowiedź % Poprawnych
Płomykówka
100%
Pójdźka
92%
Puchacz
92%
Sowa śnieżna
83%
Sóweczka
75%
Puszczyk
67%
Puszczyk mszarny
58%
Puszczyk uralski
58%
Uszatka
58%
Włochatka
50%
Syczek
42%
Uszatka błotna
42%
Sowa jarzębata
25%
Nie znaleziono quizów pasujących do podanych kryteriów
Rozkład punktacji
Procent ludzi z każdym wynikiem
Percentyl według liczby udzielonych odpowiedzi
Twoja historia wyników
Nie rozwiązałeś tego quizu